Ost-Berliner Stadtbezirke auf einer Karte - Statistiken

Allgemein
  • Dieses Quiz wurde 263 mal gespielt
  • Das Durchschnittsergebnis liegt bei 8 aus 11
Antworten auf der Karte
Die Antworten werden auf der Karte rot bzw. grün angezeigt, abhängig davon wie oft sie richtig erraten wurden.
 
Antwortstatistiken
# Stadtbezirk % Korrekt
[XIX] Pankow
91%
[XVI] Köpenick
88%
[XXI] Marzahn
88%
[I] Mitte
87%
[XVII] Lichtenberg
73%
[XV] Treptow
72%
[V] Friedrichshain
69%
[XXIII] Hellersdorf
67%
[IV] Prenzlauer Berg
67%
[XXII] Hohenschönhausen
50%
[XVIII] Weißensee
49%
Keine übereinstimmenden Quizze gefunden
Verteilung der Resultate
Anzahl Personen mit jedem Resultat
Perzentil nach korrekt beantworteten Fragen
Ihre Resultats-Entwicklung
Sie haben dieses Quiz noch nicht gespielt